Music Quiz

Random Music or Album Quiz

Lou Reed Songs 2004-2011 Quiz Stats

 Plays Quiz not verified by Sporcle

Score 0/105 Timer 08:00
0 Plays Today
Album Song % Correct
Berlin: Live at St. Ann's WarehouseSweet Jane
89.7%
Animal SerenadeHow Do You Think It Feels
86.2%
Berlin: Live at St. Ann's WarehouseHow Do You Think It Feels?
86.2%
Berlin: Live at St. Ann's WarehouseThe Kids
86.2%
Le Bataclan '72Berlin
82.8%
Berlin: Live at St. Ann's WarehouseBerlin
82.8%
The RavenPerfect Day
79.3%
The RavenThe Raven
79.3%
Animal SerenadeThe Raven
79.3%
Animal SerenadeHeroin
79.3%
Le Bataclan '72Heroin
79.3%
Berlin: Live at St. Ann's WarehouseCaroline Says I
79.3%
Berlin: Live at St. Ann's WarehouseOh Jim
79.3%
Berlin: Live at St. Ann's WarehouseCaroline Says 2
79.3%
The RavenThe Bed
75.9%
Animal SerenadeThe Bed
75.9%
Berlin: Live at St. Ann's WarehouseThe Bed
75.9%
Berlin: Live at St. Ann's WarehouseSad Song
75.9%
The Raven (Continued)Who Am I? (Tripitena's Song)
69%
Animal SerenadeSmalltown
69%
LuluJunior Dad
66.7%
Animal SerenadeSunday Morning
65.5%
Le Bataclan '72I'm Waiting for the Man
65.5%
Le Bataclan '72Pale Blue Eyes
65.5%
Berlin: Live at St. Ann's WarehouseIntro
65.5%
Berlin: Live at St. Ann's WarehouseLady Day
65.5%
Animal SerenadeMen of Good Fortune
62.1%
Animal SerenadeVenus In Furs
62.1%
Animal SerenadeSet the Twilight Reeling
62.1%
Le Bataclan '72I'll Be Your Mirror
62.1%
Berlin: Live at St. Ann's WarehouseMen Of Good Fortune
62.1%
The RavenEdgar Allan Poe
58.6%
The Raven (Continued)Guardian Angel
58.6%
Animal SerenadeCandy Says
58.6%
Le Bataclan '72Candy Says
58.6%
Album Song % Correct
Berlin: Live at St. Ann's WarehouseCandy Says
58.6%
LuluBrandenburg Gate
57.1%
LuluFrustration
57.1%
The Raven (Continued)Hop Frog
55.2%
Animal SerenadeDirty Blvd
55.2%
Animal SerenadeAll Tomorrow's Parties
55.2%
Le Bataclan '72All Tomorrow's Parties
55.2%
LuluThe View
52.4%
LuluPumping Blood
52.4%
LuluMistress Dread
52.4%
LuluLittle Dog
52.4%
LuluDragon
52.4%
The Raven (Continued)Fire Music
51.7%
Animal SerenadeEcstasy
51.7%
The RavenCall On Me
48.3%
Animal SerenadeTell It to Your Heart
48.3%
Animal SerenadeCall On Me
48.3%
Berlin: Live at St. Ann's WarehouseRock Minuet
48.3%
LuluIced Honey
47.6%
LuluCheat On Me
47.6%
The RavenA Thousand Departed Friends
44.8%
The RavenBroadway Song
44.8%
The Raven (Continued)Guilty -Spoken
44.8%
The Raven (Continued)Guilty-Sung
44.8%
The Raven (Continued)Annabel Lee - The Bells
44.8%
Animal SerenadeThe Day John Kennedy Died
44.8%
Le Bataclan '72Femme Fatale
44.8%
The RavenBalloon
41.4%
The Raven (Continued)I Wanna Know (The Pit and the Pendulum)
41.4%
Animal SerenadeStreet Hassle
41.4%
Le Bataclan '72The Black Angel's Death Song
41.4%
The RavenThe Conqueror Worm
37.9%
The RavenOverture
37.9%
The RavenOld Poe
37.9%
The RavenPrologue (Ligiea)
37.9%
Album Song % Correct
The RavenThe Valley Of Unrest
37.9%
The RavenThe Fall Of The House Of Usher
37.9%
The RavenThe Tell-Tale Heart (Pt. 1)
37.9%
The Raven (Continued)The Tell-Tale Heart (Pt. 2)
37.9%
The Raven (Continued)Vanishing Act
37.9%
Animal SerenadeVanishing Act
37.9%
The RavenThe City in the Sea - Shadow
34.5%
The RavenChange
34.5%
The RavenBlind Rage
34.5%
The Raven (Continued)Burning Embers
34.5%
The Raven (Continued)Imp of the Perverse
34.5%
The Raven (Continued)Science Of The Mind
34.5%
Animal SerenadeAdvice
34.5%
Hudson River Wind MeditationsFind Your Note
34.5%
Hudson River Wind MeditationsHudson River Wind (Blend the Ambiance)
34.5%
The Creation of the UniverseNight 1
34.5%
The Creation of the UniverseNight 2
34.5%
The Stone: Issue ThreePart 3
34.5%
The Stone: Issue ThreePart 2
34.5%
The Stone: Issue ThreePart 1
34.5%
The Raven (Continued)The Cask
31%
The Raven (Continued)A Wild Being from Birth
31%
The Raven (Continued)Every Frog Has His Day
31%
The Raven (Continued)Courtly Orangutans
31%
Le Bataclan '72Wild Child
31%
Le Bataclan '72The Biggest, Loudest, Hairiest Group of All
31%
Le Bataclan '72Empty Bottles
31%
Hudson River Wind MeditationsMove Your Heart
31%
Hudson River Wind MeditationsWind Coda
31%
The Raven (Continued)Tripitena's Speech
27.6%
Le Bataclan '72Ghost Story
27.6%
Le Bataclan '72No One Is There
27.6%
Le Bataclan '72Frozen Warnings
27.6%
Le Bataclan '72Janitor of Lunacy
27.6%
Animal SerenadeRevien Cherie
20.7%

You're not logged in!

Compare scores with friends on all Sporcle quizzes.
OR
Log In

You Might Also Like...

Show Comments

Extras

Top Quizzes Today


Score Distribution

Your Account Isn't Verified!

In order to create a playlist on Sporcle, you need to verify the email address you used during registration. Go to your Sporcle Settings to finish the process.

Report this User

Report this user for behavior that violates our Community Guidelines.

Details: